000 00512nam a2200169Ia 4500
003 GCL
008 140319s9999 xx 000 0 eng d
040 _aGCL /
_cGCL
082 0 4 _a726.7
_bC G
100 1 _aCOLIMAN, MAURICE
245 1 0 _aGUIDE DES MONASTERES FRANCE, BELGIQUE, LUXEMBURG ET SUISSE /
_cCOLIMAN, MAURICE
260 _a[S.N] :
_bPIERRE HARARY EDITION ،
_c1998
300 _a379 P
650 0 4 _aMONASTERIES - FRANCE - GUIDE BOOK
650 0 4 _aMONASTERIES - LUXEMBAURGE - GUIDE
942 _2ddc
_cBK
999 _c16044
_d16044